Perkhidmatan awam Malaysia ke arah Wawasan 2020 : Pembaharuan dan kemajuan dalam perkhidmatan awam Malaysia 1994

Bibliographic Details
Corporate Author: MALAYSIAcKetua Setiausaha Negara
Other Authors: AHMAD Sarji bin Abdul Hamid 1938-
Format: Book
Published: [Kuala Lumpur : dicetak oleh Percetakan Nasional Malaysia , 1995]
Subjects:

MARC

LEADER 00000cam a2200000 7i4500
001 0000000703
005 20000923.0
090 0 0 |a 354.595006   |b MAL 1995 
110 1 0 |a MALAYSIAcKetua Setiausaha Negara 
245 1 0 |a Perkhidmatan awam Malaysia ke arah Wawasan 2020 :   |b Pembaharuan dan kemajuan dalam perkhidmatan awam Malaysia 1994   |c laporan oleh Tan Sri Dato' Seri Ahmad Sarji bin Abdul Hamid, Ketua Setiausaha Negara, Kerajaan Malaysia 
260 0 0 |a [Kuala Lumpur :   |b dicetak oleh Percetakan Nasional Malaysia ,   |c 1995] 
300 |a xii, 374 p. :   |b col. ill. ;   |c 24 cm. 
650 0 0 |a Civil service   |z Malaysia 
650 0 0 |a Public administration   |z Malaysia 
700 0 1 |a AHMAD Sarji bin Abdul Hamid   |f Tan Sri Dato' Seri ,   |c 1938- 
745 0 0 |a Pembaharuan dan kemajuan dalam perkhidmatan awam Malaysia 1994 
999 |a 0000000438   |b Monograph   |c Open Shelf   |e Default branch